<?xml version="1.0" encoding="UTF-8"?>
<record
    xmlns:xsi="http://www.w3.org/2001/XMLSchema-instance"
    xsi:schemaLocation="http://www.loc.gov/MARC21/slim http://www.loc.gov/standards/marcxml/schema/MARC21slim.xsd"
    xmlns="http://www.loc.gov/MARC21/slim">

  <leader>00674nas a2200253 454500</leader>
  <controlfield tag="001">53578</controlfield>
  <controlfield tag="005">20260407193512.0</controlfield>
  <controlfield tag="008">260407s1966####ag###########|||spa#d</controlfield>
  <controlfield tag="003">AR-UNSa-BCEJYS</controlfield>
  <datafield tag="040" ind1=" " ind2=" ">
    <subfield code="a">AR-UNSa-BCEJYS</subfield>
    <subfield code="b">spa</subfield>
    <subfield code="c">AR-UNSa-BCEJYS</subfield>
  </datafield>
  <datafield tag="080" ind1=" " ind2=" ">
    <subfield code="a">34</subfield>
    <subfield code="x">Derecho</subfield>
  </datafield>
  <datafield tag="245" ind1="1" ind2="0">
    <subfield code="a">El Derecho</subfield>
    <subfield code="p">Repertorio General</subfield>
  </datafield>
  <datafield tag="264" ind1=" " ind2="1">
    <subfield code="a">Buenos Aires :</subfield>
    <subfield code="b">El Derecho</subfield>
    <subfield code="c">1966</subfield>
  </datafield>
  <datafield tag="310" ind1=" " ind2=" ">
    <subfield code="a">Frecuencia: Irregular</subfield>
  </datafield>
  <datafield tag="041" ind1=" " ind2=" ">
    <subfield code="a">spa</subfield>
  </datafield>
  <datafield tag="942" ind1=" " ind2=" ">
    <subfield code="c">SER</subfield>
  </datafield>
  <datafield tag="590" ind1=" " ind2=" ">
    <subfield code="a">niveau_biblio:s niveau_hierar:1</subfield>
  </datafield>
  <datafield tag="100" ind1="1" ind2=" ">
    <subfield code="a">Universidad Cat&#xF3;lica Argentina (UCA)</subfield>
  </datafield>
  <datafield tag="700" ind1="1" ind2=" ">
    <subfield code="a">Fornieles, Jorge S.</subfield>
  </datafield>
  <datafield tag="650" ind1=" " ind2=" ">
    <subfield code="a">Derecho</subfield>
  </datafield>
  <datafield tag="650" ind1=" " ind2=" ">
    <subfield code="a">Legislaci&#xF3;n</subfield>
  </datafield>
  <datafield tag="650" ind1=" " ind2=" ">
    <subfield code="a">JURISPRUDENCIA</subfield>
  </datafield>
  <datafield tag="650" ind1=" " ind2=" ">
    <subfield code="a">LEYES</subfield>
  </datafield>
  <datafield tag="999" ind1=" " ind2=" ">
    <subfield code="c">8962</subfield>
    <subfield code="d">8962</subfield>
  </datafield>
  <datafield tag="952" ind1=" " ind2=" ">
    <subfield code="0">0</subfield>
    <subfield code="1">0</subfield>
    <subfield code="4">0</subfield>
    <subfield code="7">0</subfield>
    <subfield code="a">BCEJYS</subfield>
    <subfield code="b">BCEJYS</subfield>
    <subfield code="c">13</subfield>
    <subfield code="d">1988-01-01</subfield>
    <subfield code="h">Tomo 21 - 1988</subfield>
    <subfield code="l">0</subfield>
    <subfield code="o">H34 DER/REP T.21</subfield>
    <subfield code="p">R22965</subfield>
    <subfield code="r">2026-04-10 16:10:16</subfield>
    <subfield code="w">2026-04-10</subfield>
    <subfield code="y">RN</subfield>
  </datafield>
  <datafield tag="952" ind1=" " ind2=" ">
    <subfield code="0">0</subfield>
    <subfield code="1">0</subfield>
    <subfield code="4">0</subfield>
    <subfield code="7">0</subfield>
    <subfield code="a">BCEJYS</subfield>
    <subfield code="b">BCEJYS</subfield>
    <subfield code="c">13</subfield>
    <subfield code="d">1987-06-01</subfield>
    <subfield code="h">Tomo 20/B - 1987</subfield>
    <subfield code="l">0</subfield>
    <subfield code="o">H34 DER/REP T.20/B</subfield>
    <subfield code="p">R22964</subfield>
    <subfield code="r">2026-04-10 16:10:16</subfield>
    <subfield code="w">2026-04-10</subfield>
    <subfield code="y">RN</subfield>
  </datafield>
  <datafield tag="952" ind1=" " ind2=" ">
    <subfield code="0">0</subfield>
    <subfield code="1">0</subfield>
    <subfield code="4">0</subfield>
    <subfield code="7">0</subfield>
    <subfield code="a">BCEJYS</subfield>
    <subfield code="b">BCEJYS</subfield>
    <subfield code="c">13</subfield>
    <subfield code="d">1987-01-01</subfield>
    <subfield code="h">Tomo 20/A - 1987</subfield>
    <subfield code="l">0</subfield>
    <subfield code="o">H34 DER/REP T.20/A</subfield>
    <subfield code="p">R22963</subfield>
    <subfield code="r">2026-04-10 16:10:16</subfield>
    <subfield code="w">2026-04-10</subfield>
    <subfield code="y">RN</subfield>
  </datafield>
  <datafield tag="952" ind1=" " ind2=" ">
    <subfield code="0">0</subfield>
    <subfield code="1">0</subfield>
    <subfield code="4">0</subfield>
    <subfield code="7">0</subfield>
    <subfield code="a">BCEJYS</subfield>
    <subfield code="b">BCEJYS</subfield>
    <subfield code="c">13</subfield>
    <subfield code="d">1985-01-01</subfield>
    <subfield code="h">Tomo 18 - 1985</subfield>
    <subfield code="l">0</subfield>
    <subfield code="o">H34 DER/REP T.18</subfield>
    <subfield code="p">R22962</subfield>
    <subfield code="r">2026-04-10 16:10:16</subfield>
    <subfield code="w">2026-04-10</subfield>
    <subfield code="y">RN</subfield>
  </datafield>
  <datafield tag="952" ind1=" " ind2=" ">
    <subfield code="0">0</subfield>
    <subfield code="1">0</subfield>
    <subfield code="4">0</subfield>
    <subfield code="7">0</subfield>
    <subfield code="a">BCEJYS</subfield>
    <subfield code="b">BCEJYS</subfield>
    <subfield code="c">13</subfield>
    <subfield code="d">1984-01-01</subfield>
    <subfield code="h">Tomo 17 - 1984</subfield>
    <subfield code="l">0</subfield>
    <subfield code="o">H34 DER/REP T.17</subfield>
    <subfield code="p">R22961</subfield>
    <subfield code="r">2026-04-10 16:10:16</subfield>
    <subfield code="w">2026-04-10</subfield>
    <subfield code="y">RN</subfield>
  </datafield>
  <datafield tag="952" ind1=" " ind2=" ">
    <subfield code="0">0</subfield>
    <subfield code="1">0</subfield>
    <subfield code="4">0</subfield>
    <subfield code="7">0</subfield>
    <subfield code="a">BCEJYS</subfield>
    <subfield code="b">BCEJYS</subfield>
    <subfield code="c">13</subfield>
    <subfield code="d">1983-01-01</subfield>
    <subfield code="h">Tomo 16 - 1983</subfield>
    <subfield code="l">0</subfield>
    <subfield code="o">H34 DER/REP T.16</subfield>
    <subfield code="p">R22960</subfield>
    <subfield code="r">2026-04-10 16:10:16</subfield>
    <subfield code="w">2026-04-10</subfield>
    <subfield code="y">RN</subfield>
  </datafield>
  <datafield tag="952" ind1=" " ind2=" ">
    <subfield code="0">0</subfield>
    <subfield code="1">0</subfield>
    <subfield code="4">0</subfield>
    <subfield code="7">0</subfield>
    <subfield code="a">BCEJYS</subfield>
    <subfield code="b">BCEJYS</subfield>
    <subfield code="c">13</subfield>
    <subfield code="d">1982-01-01</subfield>
    <subfield code="h">Tomo 15 - 1982</subfield>
    <subfield code="l">0</subfield>
    <subfield code="o">H34 DER/REP T.15</subfield>
    <subfield code="p">R22959</subfield>
    <subfield code="r">2026-04-10 16:10:16</subfield>
    <subfield code="w">2026-04-10</subfield>
    <subfield code="y">RN</subfield>
  </datafield>
  <datafield tag="952" ind1=" " ind2=" ">
    <subfield code="0">0</subfield>
    <subfield code="1">0</subfield>
    <subfield code="4">0</subfield>
    <subfield code="7">0</subfield>
    <subfield code="a">BCEJYS</subfield>
    <subfield code="b">BCEJYS</subfield>
    <subfield code="c">13</subfield>
    <subfield code="d">1981-01-01</subfield>
    <subfield code="h">Tomo 14 - 1981</subfield>
    <subfield code="l">0</subfield>
    <subfield code="o">H34 DER/REP T.14</subfield>
    <subfield code="p">R22958</subfield>
    <subfield code="r">2026-04-10 16:10:16</subfield>
    <subfield code="w">2026-04-10</subfield>
    <subfield code="y">RN</subfield>
  </datafield>
  <datafield tag="952" ind1=" " ind2=" ">
    <subfield code="0">0</subfield>
    <subfield code="1">0</subfield>
    <subfield code="4">0</subfield>
    <subfield code="7">0</subfield>
    <subfield code="a">BCEJYS</subfield>
    <subfield code="b">BCEJYS</subfield>
    <subfield code="c">13</subfield>
    <subfield code="d">1980-01-01</subfield>
    <subfield code="h">Tomo 13 - 1980</subfield>
    <subfield code="l">0</subfield>
    <subfield code="o">H34 DER/REP T.13</subfield>
    <subfield code="p">R22955</subfield>
    <subfield code="r">2026-04-10 16:10:16</subfield>
    <subfield code="w">2026-04-10</subfield>
    <subfield code="y">RN</subfield>
  </datafield>
  <datafield tag="952" ind1=" " ind2=" ">
    <subfield code="0">0</subfield>
    <subfield code="1">0</subfield>
    <subfield code="4">0</subfield>
    <subfield code="7">0</subfield>
    <subfield code="a">BCEJYS</subfield>
    <subfield code="b">BCEJYS</subfield>
    <subfield code="c">13</subfield>
    <subfield code="d">1979-01-01</subfield>
    <subfield code="h">Tomo 12 - 1979</subfield>
    <subfield code="l">0</subfield>
    <subfield code="o">H34 DER/REP T.12</subfield>
    <subfield code="p">R22954</subfield>
    <subfield code="r">2026-04-10 16:10:16</subfield>
    <subfield code="w">2026-04-10</subfield>
    <subfield code="y">RN</subfield>
  </datafield>
  <datafield tag="952" ind1=" " ind2=" ">
    <subfield code="0">0</subfield>
    <subfield code="1">0</subfield>
    <subfield code="4">0</subfield>
    <subfield code="7">0</subfield>
    <subfield code="a">BCEJYS</subfield>
    <subfield code="b">BCEJYS</subfield>
    <subfield code="c">13</subfield>
    <subfield code="d">1978-01-01</subfield>
    <subfield code="h">Tomo 11 - 1978</subfield>
    <subfield code="l">0</subfield>
    <subfield code="o">H34 DER/REP T.11</subfield>
    <subfield code="p">R22952</subfield>
    <subfield code="r">2026-04-10 16:10:16</subfield>
    <subfield code="w">2026-04-10</subfield>
    <subfield code="y">RN</subfield>
  </datafield>
  <datafield tag="952" ind1=" " ind2=" ">
    <subfield code="0">0</subfield>
    <subfield code="1">0</subfield>
    <subfield code="4">0</subfield>
    <subfield code="7">0</subfield>
    <subfield code="a">BCEJYS</subfield>
    <subfield code="b">BCEJYS</subfield>
    <subfield code="c">13</subfield>
    <subfield code="d">1978-01-01</subfield>
    <subfield code="h">Tomo 11 - 1978</subfield>
    <subfield code="l">0</subfield>
    <subfield code="o">H34 DER/REP T.11 Ej. 2</subfield>
    <subfield code="p">R22953</subfield>
    <subfield code="r">2026-04-10 16:10:16</subfield>
    <subfield code="w">2026-04-10</subfield>
    <subfield code="y">RN</subfield>
  </datafield>
  <datafield tag="952" ind1=" " ind2=" ">
    <subfield code="0">0</subfield>
    <subfield code="1">0</subfield>
    <subfield code="4">0</subfield>
    <subfield code="7">0</subfield>
    <subfield code="a">BCEJYS</subfield>
    <subfield code="b">BCEJYS</subfield>
    <subfield code="c">13</subfield>
    <subfield code="d">1977-01-01</subfield>
    <subfield code="h">Tomo 10 - 1977</subfield>
    <subfield code="l">0</subfield>
    <subfield code="o">H34 DER/REP T.10</subfield>
    <subfield code="p">R22950</subfield>
    <subfield code="r">2026-04-10 16:10:16</subfield>
    <subfield code="w">2026-04-10</subfield>
    <subfield code="y">RN</subfield>
  </datafield>
  <datafield tag="952" ind1=" " ind2=" ">
    <subfield code="0">0</subfield>
    <subfield code="1">0</subfield>
    <subfield code="4">0</subfield>
    <subfield code="7">0</subfield>
    <subfield code="a">BCEJYS</subfield>
    <subfield code="b">BCEJYS</subfield>
    <subfield code="c">13</subfield>
    <subfield code="d">1977-01-01</subfield>
    <subfield code="h">Tomo 10 - 1977</subfield>
    <subfield code="l">0</subfield>
    <subfield code="o">H34 DER/REP T.10 Ej.2</subfield>
    <subfield code="p">R22951</subfield>
    <subfield code="r">2026-04-10 16:10:16</subfield>
    <subfield code="w">2026-04-10</subfield>
    <subfield code="y">RN</subfield>
  </datafield>
  <datafield tag="952" ind1=" " ind2=" ">
    <subfield code="0">0</subfield>
    <subfield code="1">0</subfield>
    <subfield code="4">0</subfield>
    <subfield code="7">0</subfield>
    <subfield code="a">BCEJYS</subfield>
    <subfield code="b">BCEJYS</subfield>
    <subfield code="c">13</subfield>
    <subfield code="d">1976-01-01</subfield>
    <subfield code="h">Tomo 9 - 1976</subfield>
    <subfield code="l">0</subfield>
    <subfield code="o">H34 DER/PER T.9</subfield>
    <subfield code="p">R22949</subfield>
    <subfield code="r">2026-04-10 16:10:16</subfield>
    <subfield code="w">2026-04-10</subfield>
    <subfield code="y">RN</subfield>
  </datafield>
  <datafield tag="952" ind1=" " ind2=" ">
    <subfield code="0">0</subfield>
    <subfield code="1">0</subfield>
    <subfield code="4">0</subfield>
    <subfield code="7">0</subfield>
    <subfield code="a">BCEJYS</subfield>
    <subfield code="b">BCEJYS</subfield>
    <subfield code="c">13</subfield>
    <subfield code="d">1975-01-01</subfield>
    <subfield code="h">Tomo 8 - 1975</subfield>
    <subfield code="l">0</subfield>
    <subfield code="o">H34 DER/PER T.8</subfield>
    <subfield code="p">R22947</subfield>
    <subfield code="r">2026-04-10 16:10:16</subfield>
    <subfield code="w">2026-04-10</subfield>
    <subfield code="y">RN</subfield>
  </datafield>
  <datafield tag="952" ind1=" " ind2=" ">
    <subfield code="0">0</subfield>
    <subfield code="1">0</subfield>
    <subfield code="4">0</subfield>
    <subfield code="7">0</subfield>
    <subfield code="a">BCEJYS</subfield>
    <subfield code="b">BCEJYS</subfield>
    <subfield code="c">13</subfield>
    <subfield code="d">1975-01-01</subfield>
    <subfield code="h">Tomo 8 - 1975</subfield>
    <subfield code="l">0</subfield>
    <subfield code="o">H34 DER/PER T.8 Ej.2</subfield>
    <subfield code="p">R22948</subfield>
    <subfield code="r">2026-04-10 16:10:16</subfield>
    <subfield code="w">2026-04-10</subfield>
    <subfield code="y">RN</subfield>
  </datafield>
  <datafield tag="952" ind1=" " ind2=" ">
    <subfield code="0">0</subfield>
    <subfield code="1">0</subfield>
    <subfield code="4">0</subfield>
    <subfield code="7">0</subfield>
    <subfield code="a">BCEJYS</subfield>
    <subfield code="b">BCEJYS</subfield>
    <subfield code="c">13</subfield>
    <subfield code="d">1974-01-01</subfield>
    <subfield code="h">Tomo 7 - 1974</subfield>
    <subfield code="l">0</subfield>
    <subfield code="o">H34 DER/PER T.7</subfield>
    <subfield code="p">R22945</subfield>
    <subfield code="r">2026-04-10 16:10:16</subfield>
    <subfield code="w">2026-04-10</subfield>
    <subfield code="y">RN</subfield>
  </datafield>
  <datafield tag="952" ind1=" " ind2=" ">
    <subfield code="0">0</subfield>
    <subfield code="1">0</subfield>
    <subfield code="4">0</subfield>
    <subfield code="7">0</subfield>
    <subfield code="a">BCEJYS</subfield>
    <subfield code="b">BCEJYS</subfield>
    <subfield code="c">13</subfield>
    <subfield code="d">1974-01-01</subfield>
    <subfield code="h">Tomo 7 - 1974</subfield>
    <subfield code="l">0</subfield>
    <subfield code="o">H34 DER/PER T.7 Ej.2</subfield>
    <subfield code="p">R22946</subfield>
    <subfield code="r">2026-04-10 16:10:16</subfield>
    <subfield code="w">2026-04-10</subfield>
    <subfield code="y">RN</subfield>
  </datafield>
  <datafield tag="952" ind1=" " ind2=" ">
    <subfield code="0">0</subfield>
    <subfield code="1">0</subfield>
    <subfield code="4">0</subfield>
    <subfield code="7">0</subfield>
    <subfield code="a">BCEJYS</subfield>
    <subfield code="b">BCEJYS</subfield>
    <subfield code="c">13</subfield>
    <subfield code="d">1973-01-01</subfield>
    <subfield code="h">Tomo 6 - 1973</subfield>
    <subfield code="l">0</subfield>
    <subfield code="o">H34 DER/REP T.6</subfield>
    <subfield code="p">R22943</subfield>
    <subfield code="r">2026-04-10 16:10:16</subfield>
    <subfield code="w">2026-04-10</subfield>
    <subfield code="y">RN</subfield>
  </datafield>
  <datafield tag="952" ind1=" " ind2=" ">
    <subfield code="0">0</subfield>
    <subfield code="1">0</subfield>
    <subfield code="4">0</subfield>
    <subfield code="7">0</subfield>
    <subfield code="a">BCEJYS</subfield>
    <subfield code="b">BCEJYS</subfield>
    <subfield code="c">13</subfield>
    <subfield code="d">1973-01-01</subfield>
    <subfield code="h">Tomo 6 - 1973</subfield>
    <subfield code="l">0</subfield>
    <subfield code="o">H34 DER/REP T.6 Ej.2</subfield>
    <subfield code="p">R22944</subfield>
    <subfield code="r">2026-04-10 16:10:16</subfield>
    <subfield code="w">2026-04-10</subfield>
    <subfield code="y">RN</subfield>
  </datafield>
  <datafield tag="952" ind1=" " ind2=" ">
    <subfield code="0">0</subfield>
    <subfield code="1">0</subfield>
    <subfield code="4">0</subfield>
    <subfield code="7">0</subfield>
    <subfield code="a">BCEJYS</subfield>
    <subfield code="b">BCEJYS</subfield>
    <subfield code="c">13</subfield>
    <subfield code="d">1972-01-01</subfield>
    <subfield code="h">Tomo 5 - 1972</subfield>
    <subfield code="l">0</subfield>
    <subfield code="o">H34 DER/REP T.5</subfield>
    <subfield code="p">R22941</subfield>
    <subfield code="r">2026-04-10 16:10:16</subfield>
    <subfield code="w">2026-04-10</subfield>
    <subfield code="y">RN</subfield>
  </datafield>
  <datafield tag="952" ind1=" " ind2=" ">
    <subfield code="0">0</subfield>
    <subfield code="1">0</subfield>
    <subfield code="4">0</subfield>
    <subfield code="7">0</subfield>
    <subfield code="a">BCEJYS</subfield>
    <subfield code="b">BCEJYS</subfield>
    <subfield code="c">13</subfield>
    <subfield code="d">1972-01-01</subfield>
    <subfield code="h">Tomo 5 - 1972</subfield>
    <subfield code="l">0</subfield>
    <subfield code="o">H34 DER/REP T.5 Ej.2</subfield>
    <subfield code="p">R22942</subfield>
    <subfield code="r">2026-04-10 16:10:16</subfield>
    <subfield code="w">2026-04-10</subfield>
    <subfield code="y">RN</subfield>
  </datafield>
  <datafield tag="952" ind1=" " ind2=" ">
    <subfield code="0">0</subfield>
    <subfield code="1">0</subfield>
    <subfield code="4">0</subfield>
    <subfield code="7">0</subfield>
    <subfield code="a">BCEJYS</subfield>
    <subfield code="b">BCEJYS</subfield>
    <subfield code="c">13</subfield>
    <subfield code="d">1971-01-01</subfield>
    <subfield code="h">Tomo 4 - 1971</subfield>
    <subfield code="l">0</subfield>
    <subfield code="o">H34 DER/REP T.4</subfield>
    <subfield code="p">R22939</subfield>
    <subfield code="r">2026-04-10 16:10:16</subfield>
    <subfield code="w">2026-04-10</subfield>
    <subfield code="y">RN</subfield>
  </datafield>
  <datafield tag="952" ind1=" " ind2=" ">
    <subfield code="0">0</subfield>
    <subfield code="1">0</subfield>
    <subfield code="4">0</subfield>
    <subfield code="7">0</subfield>
    <subfield code="a">BCEJYS</subfield>
    <subfield code="b">BCEJYS</subfield>
    <subfield code="c">13</subfield>
    <subfield code="d">1971-01-01</subfield>
    <subfield code="h">Tomo 4 - 1971</subfield>
    <subfield code="l">0</subfield>
    <subfield code="o">H34 DER/REP T.4 Ej.2</subfield>
    <subfield code="p">R22940</subfield>
    <subfield code="r">2026-04-10 16:10:16</subfield>
    <subfield code="w">2026-04-10</subfield>
    <subfield code="y">RN</subfield>
  </datafield>
  <datafield tag="952" ind1=" " ind2=" ">
    <subfield code="0">0</subfield>
    <subfield code="1">0</subfield>
    <subfield code="4">0</subfield>
    <subfield code="7">0</subfield>
    <subfield code="a">BCEJYS</subfield>
    <subfield code="b">BCEJYS</subfield>
    <subfield code="c">13</subfield>
    <subfield code="d">1970-01-01</subfield>
    <subfield code="h">Tomo 3 - 1970</subfield>
    <subfield code="l">0</subfield>
    <subfield code="o">H34 DER/REP T.3</subfield>
    <subfield code="p">R22938</subfield>
    <subfield code="r">2026-04-10 16:10:16</subfield>
    <subfield code="w">2026-04-10</subfield>
    <subfield code="y">RN</subfield>
  </datafield>
  <datafield tag="952" ind1=" " ind2=" ">
    <subfield code="0">0</subfield>
    <subfield code="1">0</subfield>
    <subfield code="4">0</subfield>
    <subfield code="7">0</subfield>
    <subfield code="a">BCEJYS</subfield>
    <subfield code="b">BCEJYS</subfield>
    <subfield code="c">13</subfield>
    <subfield code="d">1969-01-01</subfield>
    <subfield code="h">Tomo 2 - 1969</subfield>
    <subfield code="l">0</subfield>
    <subfield code="o">H34 DER/REP T.2</subfield>
    <subfield code="p">R22937</subfield>
    <subfield code="r">2026-04-10 16:10:16</subfield>
    <subfield code="w">2026-04-10</subfield>
    <subfield code="y">RN</subfield>
  </datafield>
  <datafield tag="952" ind1=" " ind2=" ">
    <subfield code="0">0</subfield>
    <subfield code="1">0</subfield>
    <subfield code="4">0</subfield>
    <subfield code="7">0</subfield>
    <subfield code="a">BCEJYS</subfield>
    <subfield code="b">BCEJYS</subfield>
    <subfield code="c">13</subfield>
    <subfield code="d">1966-01-01</subfield>
    <subfield code="h">Tomo 1 - 1966</subfield>
    <subfield code="l">0</subfield>
    <subfield code="o">H34 DER/REP T.1</subfield>
    <subfield code="p">R22936</subfield>
    <subfield code="r">2026-04-10 16:10:16</subfield>
    <subfield code="w">2026-04-10</subfield>
    <subfield code="y">RN</subfield>
  </datafield>
</record>
